00505cam a22002051 4500001001300000003000400013005001700017008004100034010001700075035002000092040001800112042001200130050002300142100003100165245002100196250001300217260003400230300001800264999001700282sa 66008077 DLC20260227112310.0890514r1964uuuuio 000 0 dut  asa 66008077  a(OCoLC)23396551 aDLCcMiUdDLC apremarc00aPL5089.J8bB4 19641 aYunus, Mahmud,d1899-1982.10aBeberapa kissah. aTjet. 7. aDjakarta,bal-Hidajah,c1964. a32 p.c18 cm. c71632d71632